Top 10 States by Transgender Population - Statistics

General Stats
  • This quiz has been taken 313 times
  • The average score is 5 of 10
Answer Stats
Percentage State % Correct
0.76% California
95%
0.66% Florida
79%
0.66% Texas
74%
0.65% Oregon
68%
0.78% Hawaii
50%
0.75% Georgia
42%
0.75% New Mexico
26%
0.64% Delaware
20%
0.63% Tennessee
18%
0.64% Oklahoma
13%
No matching quizzes found
Score Distribution
Percent of People with Each Score
Percentile by Number Answered
Your Score History
You have not taken this quiz